Noah Wyle Filmography - Statistics

General Stats
  • This quiz has been taken 7 times
  • The average score is 8 of 64
Answer Stats
Type Year Name % Correct
TV Show 1994-2006, 2009 ER
100%
Video Game 2005 ER: The Game
100%
Web Series 2025 The Pitt
80%
TV Show 2011-2015 Falling Skies
60%
Video Game 2014 Falling Skies: The Game
60%
TV Show 2014-2018 The Librarians
60%
TV Show 1995 Friends
40%
Film 1993 Swing Kids
40%
TV Show 2019 The Red Line
40%
Web Mini-Series 2018 The Romanoffs
40%
Film 1992 A Few Good Men
20%
Film 2001 Donnie Darko
20%
TV Show 2013 Lab Rats
20%
Web Series 2021-Present Leverage: Redemption
20%
TV Show 2000 Saturday Night Live
20%
Film 2005 The Californians
20%
TV Film 2004 The Librarian: Quest for the Spear
20%
Film 1997 The Myth of Fingerprints
20%
Film 2008 W.
20%
TV Show 2019, 2020 25 Words or Less
0%
Film TBA A Dolphin in Our Lake
0%
Web Series 2016 Adoptable!
0%
Director TBA A Killer Story
0%
Film 2008 An American Affair
0%
TV Show 2016 Angie Tribeca
0%
Film 2022 At the Gates
0%
TV Show 2000 Beggars and Choosers
0%
Film 2010 Below the Beltway
0%
TV Mini-Series 1990 Blind Faith
0%
Short Film 2013 Blu-nies with Noah Wyle
0%
Film 1999 Can't Stop Dancing
0%
Commercial 2016 Cigna
0%
Film 1991 Crooked Hearts
0%
TV Show 2015 Drunk History
0%
Film 2002 Enough
0%
TV Film 2000 Fail Safe
0%
Short Film 2003 Fall of Knipple
0%
Film 2025 FEEL
0%
Commercial 1985 Folgers
0%
TV Film 1994 Guinevere
0%
TV Show 1999 Jeopardy!
0%
Film 1984 Lust in the Dust
0%
Film 2017 Mark Felt: The Man Who Brought Down the White House
0%
Documentary Series 2003 Mavericks, Miracles and Medicine
0%
Commercial 1999 Mitsubishi Galant
0%
Film 2008 Nothing But the Truth
0%
TV Pilot 2017 Perfect Citizen
0%
TV Show 2014 Phineas and Ferb
0%
TV Film 1999 Pirates of Silicon Valley
0%
Film 2010 Queen of the Lot
0%
Film 2001 Scenes of the Crime
0%
TV Show 1996, 2000 Sesame Street
0%
Film 2017 Shot
0%
Film 2013 Snake & Mongoose
0%
TV Show 1996 The Larry Sanders Show
0%
TV Film 2008 The Librarian III: The Curse of the Judas Chalice
0%
TV Film 2006 The Librarian: Return to King Solomon's Mines
0%
Film 1994 There Goes My Baby
0%
Film 2015 The World Made Straight
0%
Documentary 2004 What Babies Want
0%
Film 2002 White Oleander
0%
Documentary Series 2017 Who Do You Think You Are?
0%
Theater 2011 Windows on the World
0%
Music Video 2009 With My Own Two Hands
0%
No matching quizzes found
Score Distribution
Percent of People with Each Score
Percentile by Number Answered
Your Score History
You have not taken this quiz